| 000 | 00681nam a2200229 a 4500 | ||
|---|---|---|---|
| 005 | 20240924071157.0 | ||
| 008 | 991125 1992 mx 000 0 spa u | ||
| 020 | _a970611315D | ||
| 035 | _aUPN01000019501 | ||
| 049 | _aI | ||
| 050 | 4 |
_aPZ8.7 _bD5.78 |
|
| 100 | 1 |
_aDisney, Walt, _d1901-1966 |
|
| 245 | 1 | 0 |
_aEnero / _cWalt Disney ; tr. Gorge Anaya Roa. |
| 260 |
_aMéxico : _bGrolier : _bSalvat, _c1992. |
||
| 300 |
_a53 p. : _bil., col |
||
| 440 | 3 | _aUn cuento para cada día | |
| 534 |
_pTraducción de: _tStory a day : Autum |
||
| 650 | 4 | _aLITERATURA DE ENTRETENIMIENTO | |
| 650 | 2 |
_aCuentos de aventuras _99134 |
|
| 650 | 4 |
_aLiteratura infantil _94445 |
|
| 905 | _aInfantil | ||
| 999 |
_c19501 _d19501 |
||